| 000 | 01312nam a22002057a 4500 | ||
|---|---|---|---|
| 999 |
_c145467 _d145467 |
||
| 005 | 20190117105710.0 | ||
| 010 | _a17-18HN-4.8.17 B-712371-401 | ||
| 020 |
_c300.00 _a8188462217 |
||
| 035 | _aB-712371-401 | ||
| 037 | _bसंजीव प्रकाशन | ||
| 082 | _aक | ||
| 245 |
_aअनमोल प्रेरक प्रसंग " _cशिखा द्वारा संकलित _bभारत के साथ साथ दूसरे देशों के महान व्यकितयों के जीवन में घटित प्रेरक प्रसंग / |
||
| 260 |
_aनई दिल्ली _bसंजीव प्रकाशन _c2016 _c2018 |
||
| 270 |
_bनई दिल्ली _a4855-56/24, अंसारी राेड दरियागंज, _e110002 |
||
| 270 |
_bनई दिल्ली _a3613, नेताजी सुभाष मार्ग, दरियागंज _e110002 |
||
| 300 |
_a128पृ. _c22सेमी(सजिल्द) |
||
| 700 | _aशिखा | ||
| 942 |
_2ddc _cHN _hक _mअनमो |
||